Future of housebuilding in southeast England (Record no. 117623)
[ view plain ]
| 000 -LEADER | |
|---|---|
| fixed length control field | 01259cam a2200265 4500 |
| 001 - CONTROL NUMBER | |
| control field | WB4025-11 |
| 008 - FIXED-LENGTH DATA ELEMENTS--GENERAL INFORMATION | |
| fixed length control field | 040630n2004 000 0 eng u |
| 035 ## - SYSTEM CONTROL NUMBER | |
| System control number | (Sirsi) u126652 |
| 245 ## - TITLE STATEMENT | |
| Title | Future of housebuilding in southeast England |
| 260 ## - PUBLICATION, DISTRIBUTION, ETC. | |
| Date of publication, distribution, etc. | 2004 |
| 490 ## - SERIES STATEMENT | |
| Series statement | Joseph Rowntree Foundation Press Release |
| Volume/sequential designation | 29 June 2004 (2) |
| 520 ## - SUMMARY, ETC. | |
| Summary, etc. | A research report by Cambridge Architectural Research Ltd argues that a clearer understanding of local people's preferences can be used to plan new developments that are more acceptable to the public, as well as meeting government policies for tackling the shortage of affordable homes. The survey was taken from more than 1 400 residents in southeast England - the most high-demand housing area in the country. "Housing futures: informed public opinion" can be found at http://www.jrf.org.uk/bookshop/eBooks/1859352022.p df. http://www.jrf.org.uk/pressroom/releases/210604.as p. |
| 590 ## - LOCAL NOTE (RLIN) | |
| Local note | WB |
| 590 ## - LOCAL NOTE (RLIN) | |
| Local note | WB |
| 650 ## - SUBJECT ADDED ENTRY--TOPICAL TERM | |
| Topical term or geographic name entry element | AYLESBURY |
| 650 ## - SUBJECT ADDED ENTRY--TOPICAL TERM | |
| Topical term or geographic name entry element | MAIDENHEAD |
| 650 ## - SUBJECT ADDED ENTRY--TOPICAL TERM | |
| Topical term or geographic name entry element | CHATHAM |
| 650 ## - SUBJECT ADDED ENTRY--TOPICAL TERM | |
| Topical term or geographic name entry element | GILLINGHAM |
| 650 ## - SUBJECT ADDED ENTRY--TOPICAL TERM | |
| Topical term or geographic name entry element | Affordable housing |
| 9 (RLIN) | 6215 |
| 650 ## - SUBJECT ADDED ENTRY--TOPICAL TERM | |
| Topical term or geographic name entry element | NEW HOUSING |
| 650 ## - SUBJECT ADDED ENTRY--TOPICAL TERM | |
| Topical term or geographic name entry element | SOUTHEAST ENGLAND |
| 650 ## - SUBJECT ADDED ENTRY--TOPICAL TERM | |
| Topical term or geographic name entry element | HIGH-DEMAND HOUSING AREAS |
| 690 ## - LOCAL SUBJECT ADDED ENTRY--TOPICAL TERM (OCLC, RLIN) | |
| Topical term or geographic name as entry element | HOUSING-DEVELOPMENT |
| 942 ## - ADDED ENTRY ELEMENTS (KOHA) | |
| Suppress in OPAC | 0 |
| Withdrawn status | Lost status | Source of classification or shelving scheme | Damaged status | Not for loan | Home library | Current library | Shelving location | Date acquired | Total Checkouts | Full call number | Barcode | Date last seen | Copy number | Price effective from | Koha item type |
|---|---|---|---|---|---|---|---|---|---|---|---|---|---|---|---|
| Dewey Decimal Classification | London | London | News article | 30/06/2004 | WB4025-11 | 126652-1001 | 06/08/2019 | 1 | 06/08/2019 | News article |